Statistiques concernant Personnages de fiction par couleur - Orange

Cliquez ici pour prendre le quiz!

Statistiques générales

  • Ce quiz a été pris 342 fois
  • Le résultat moyen est 8 sur 20

Statistiques - réponses

Réponse% Correct
Nemo
99%
Garfield
98%
Tigrou
97%
Dracaufeu
76%
Casimir
67%
Crash bandicoot
58%
Lorax
54%
La Chose
53%
Kyubi
43%
Oompa Loompa
28%
Bud
19%
Pochita
18%
Gnar
16%
Q*bert
15%
Tony le tigre
12%
Nelson
11%
Greymon
5%
Maz Kanata
5%
Beta Ray Bill
3%
Starlion
1%

Distribution des résultats

Percentile par nombre de réponses

% des personnes avec chaque résultat

Votre développement - résultats

Vous n’avez pas pris ce quiz